| 000 | 00932cam a2200313 a 4500 | ||
|---|---|---|---|
| 001 | |||
| 003 | DO-SdBNP | ||
| 005 | 20211125121259.0 | ||
| 007 | 000020115 | ||
| 008 | 700702s1999 dr 000 f spa d | ||
| 020 | _a8481302015 | ||
| 040 |
_aBPMSU _bspa _cBPMSU |
||
| 082 | 4 |
_a823.91 _bB955n 1999 _222 |
|
| 100 | 1 |
_aBurgess, Anthony, _d1917-1993 |
|
| 240 | 1 | 0 |
_aA clockwork orange. _lespañol |
| 245 | 1 | 3 |
_aLa naranja mecánica / _cAnthony Burgess ; traducción de Aníbal Leal y Ana Quijada. |
| 260 |
_aMadrid : _bMilenium, _c1999 |
||
| 300 |
_a157 p. ; _c21 cm. |
||
| 490 | 0 |
_aLas 100 joyas del milenio _v9 |
|
| 534 |
_aTítulo original: A clockwork orange _cBarcelona : Bibliotex, 2000. |
||
| 590 | _6Inventariado, 2021/VM | ||
| 650 | 4 | _aNovela inglesa | |
| 650 | 4 | _aLiteratura inglesa | |
| 700 | 1 |
_aLeal, Aníbal, _etr. |
|
| 700 | 1 |
_aQuijada, Ana, _etr. |
|
| 910 | _aVMateo V. | ||
| 942 |
_2ddc _cBK |
||
| 956 | _a | ||
| 999 |
_c8690 _d8690 |
||